000 00460nam a2200181#a 4500
001 01602
003 HDC
007 ta
008 230623s2023 xx 000 0 eng d
040 _aHDC
050 _aHC445
_b.5 .E288 2010
110 _aMalaysia. Jabatan Perdana Menteri.
245 0 _aEconomic transformation programme :
_ba roadmap for Malaysia /
_cJabatan Perdana Menteri.
942 _2lcc
942 _cBK
942 _kHC445
942 _m.5 .E288 2010
999 _c23168
_d23168